All Call of Duty Gobblegums - Statistics

General Stats
  • This quiz has been taken 11 times
  • The average score is 28 of 89
Answer Stats
Picture Answer % Correct
In Plain Sight
100%
Perkaholic
78%
Anywhere But Here!
67%
Arms Grace
67%
Stock Option
67%
Sword Flay
67%
Alchemical Antithesis
56%
Crate Power
56%
Extra Credit
56%
Near Death Experience
56%
Reign Drops
56%
Round Robbin'
56%
Shopping Free
56%
Wall Power
56%
Board Games
44%
Kill Joy
44%
Nowhere But There!
44%
On The House
44%
Profit Sharing
44%
Respin Cycle
44%
Shields Up
44%
Aftertaste
33%
Arsenal Accelerator
33%
Coagulant
33%
Exit Strategy
33%
Fatal Contraption
33%
Gift Card
33%
Hidden Power
33%
Killing Time
33%
Licensed Contractor
33%
Lucky Crit
33%
Newtonian Negation
33%
Now You See Me
33%
Phoenix Up
33%
Power Vacuum
33%
Round Off
33%
Secret Shopper
33%
Slaylist
33%
Soda Fountain
33%
Time Out
33%
Unquenchable
33%
Who's Keeping Score?
33%
Wonderbar!
33%
Always Done Swiftly
22%
Armor Gettin'
22%
Bullet Boost
22%
Burned Out
22%
Cache Back
22%
Danger Closest
22%
Dead of Nuclear Winter
22%
Die Pitched
22%
Explosive Flourish
22%
Eye Candy
22%
Fear in Headlights
22%
Firing On All Cylinders
22%
Flavor Hex
22%
Free Fire
22%
Head Drama
22%
Holiday Cheer
22%
Idle Eyes
22%
I'm Feeling Lucky
22%
Immolation Liquidation
22%
Indiegestion
22%
Modified Chaos
22%
Pop Shocks
22%
Power Keg
22%
Quacknarok
22%
Requipment
22%
Self Medication
22%
Slaughter Slide
22%
Tactical Diffusion
22%
Temporal Gift
22%
Undead Man Walking
22%
Wall To Wall Clearance
22%
Armamental Accomplishment
11%
Board To Death
11%
Crawl Space
11%
Dead Drop
11%
Disorderly Combat
11%
Elemental Exposure
11%
Impatient
11%
Jacked Lanterns
11%
Mind Blown
11%
Projectile Vomiting
11%
Rainburps
11%
Support Group
11%
Tone Death
11%
Unbearable
11%
Ephemeral Enhancement
0%
No matching quizzes found
Score Distribution
Percent of People with Each Score
Percentile by Number Answered
Your Score History
You have not taken this quiz